| 000 | 01242nam a2200217 i 4500 | ||
|---|---|---|---|
| 001 | 166730 | ||
| 003 | ES-MaACL | ||
| 005 | 20250927115036.0 | ||
| 008 | 050920s1799 fr ae |||| | fre d | ||
| 100 | 1 |
_aTurnbull, Robert James. _9111719 |
|
| 245 | 1 | 0 |
_aVisite a la prison de Philadelphie ou énonce exact de la sage administration qui a lieu dans les divers départemens de cette Maison _b: ouvrage où l'on trouve l'histoire successive de la réformation des loix pénales de la Pensylvanie : avec des observation sur l'impolitique et l'injustice des peines capitales ... / _cpar Robert J. Turnbull ; traduit de l'anglais et augmenté d'un plan ... par Petit-Radel ... |
| 260 |
_aA Paris : _bchez Gabon ..., Fuchs ..., Desênne ..., _cAn VIII [1799] |
||
| 300 |
_aXI, 43 p., [1] h. pleg., [2] h. de plan. pleg. ; _c20 cm. |
||
| 597 | _aSign.: A-C8, D4. | ||
| 650 | 4 |
_aEstablecimientos penitenciarios- _zEstados Unidos. _912516 |
|
| 650 | 0 | 7 |
_aPena de muerte _2embne _915915 |
| 650 |
_aDerecho penitenciario- _zEstados Unidos. _9150596 |
||
| 700 | 1 |
_aPetit-Radel, Louis-François, _d1740-1818 _9165221 |
|
| 852 |
_aES-MaACL _jD-270(3) _z- Enc. hol. _z.- Donativo Lastres _z- Enc. en un vol. facticio |
||
| 999 |
_c166730 _d166730 |
||